书目信息 |
| 题名: |
绕口令
|
|
| 作者: | 张慧 编著 | |
| 分册: | ||
| 出版信息: | 北京 中国广播电视出版社 1996.10 |
|
| 页数: | 247页 | |
| 开本: | 19cm | |
| 丛书名: | 广播电视播音主持丛书 | |
| 单 册: | ||
| 中图分类: | J812.3 | |
| 科图分类: | ||
| 主题词: | 戏剧--舞台艺术 | |
| 电子资源: | ||
| ISBN: | 7-5043-2932-0 | |
| 000 | 00614nam0 2200217 45 | |
| 001 | 0212050996 | |
| 005 | 20021205092836.7 | |
| 010 | @a7-5043-2932-0@d13.00元 | |
| 100 | @a20021205d1996 km y0chiy0120 ea | |
| 101 | 0 | @achi |
| 105 | @a z 000yy | |
| 200 | 1 | @a绕口令@ARao Kou Ling@f张慧编著@FZhang Hui Bian Zhu |
| 210 | @a北京@c中国广播电视出版社@d1996.10 | |
| 215 | @a247页@d19cm | |
| 225 | @a广播电视播音主持丛书 | |
| 410 | @12001 @a广播电视播音主持丛书 | |
| 606 | 0 | @a戏剧@x舞台艺术 |
| 690 | @aJ812.3@v3 | |
| 701 | 0 | @a张慧@4编著 |
| 801 | @aCN@bPftUser@c20021205 | |
| 905 | @aBZT@b343482-484@dJ812.3@e1@f3 | |
| 绕口令/张慧编著.-北京:中国广播电视出版社,1996.10 |
| 247页;19cm.-(广播电视播音主持丛书) |
| ISBN 7-5043-2932-0:13.00元 |
| ● |
| 相关链接 |
|
|
|
正题名:绕口令
索取号:J812.3/1
 
预约/预借
| 序号 | 登录号 | 条形码 | 馆藏地/架位号 | 状态 | 备注 |
| 1 | 343483 | 201175771 | 中心书库南/007架A面1层1列/ [索取号:J812.3/1] | 在馆 |